Capitais da Ásia - Statistics

Estatísticas Gerais
  • Esse quiz foi jogado 280 vezes
  • A pontuação média é 33 de 48
Estatísticas das Respostas
País Capital % Correto
Coréia do Sul Seul
94%
Israel Jerusalém
93%
China Pequim
93%
Emirados Árabes Unidos Abu Dhabi
92%
Japão Tóquio
92%
Índia Nova Deli
91%
Coréia do Norte Pyongyang
90%
Tailândia Bangkok
89%
Turquia Ancara
88%
Arábia Saudita Riade
86%
Singapura Singapura
86%
Catar Doha
84%
Iraque Bagdá
83%
Síria Damasco
83%
Irã Teerã
83%
Líbano Beirute
82%
Afeganistão Cabul
80%
Indonésia Jakarta
80%
Kuwait Kuwait
78%
Azerbaijão Baku
77%
Bangladesh Daca
77%
Malásia Kuala Lumpur
77%
Filipinas Manila
75%
Vietnã Hanói
73%
Chipre Nicósia
73%
Jordânia Amã
71%
Paquistão Islamabad
66%
Nepal Catmandu
65%
Armênia Erevan
64%
Taiwan Taipé
64%
Iémen Saná
63%
Cazaquistão Nursultan
61%
Mongólia Ulaanbaatar
59%
Bahrein Manama
58%
Laos Vientiane
58%
Maldivas Malé
55%
Timor Leste Díli
54%
Geórgia Tiblissi
54%
Omã Mascate
52%
Butão Timbu
50%
Quirguistão Bisqueque
47%
Turcomenistão Asgabate
46%
Sri Lanka Kotte
46%
Uzbequistão Toshkent
46%
Camboja Phnom Penh
45%
Mianmar Naipidau
43%
Brunei Bandar Seri Begawan
42%
Tajiquistão Duchambé
38%
Nenhum quiz correspondente encontrado
Distribuição das Pontuações
Porcentagem de Pessoas com Cada Pontuação
Percentil de Números Respondidos
Sua Pontuação Histórica
Você não jogou esse quiz